Research on natural rubber in India: Achievements and prospects (Record no. 52907)

MARC details
000 -LEADER
fixed length control field 00388nam a2200109Ia 4500
100 ## - MAIN ENTRY--AUTHOR NAME
Personal name Sethuraj M.R.
245 #0 - TITLE STATEMENT
Title Research on natural rubber in India: Achievements and prospects
260 ## - PUBLICATION, DISTRIBUTION, ETC. (IMPRINT)
Name of publisher International Natural Rubber Conference, 5-8 February 1992, Bangalore, India, Souvenir, pp. 7-9.
Year of publication 1992
650 ## - SUBJECT ADDED ENTRY--TOPICAL TERM
Topical Term Rubber research
942 ## - ADDED ENTRY ELEMENTS (KOHA)
Koha item type Bibliography STAF
Holdings
Withdrawn status Lost status Damaged status Not for loan Home library Current library Date acquired Koha item type
      Bibliography RRII Library RRII Library 09/04/2014 Bibliography STAF